Bundesliga TOP 50: Ausländische Spieler von Borussia Monchengladbach - Statistiken

Allgemein
  • Dieses Quiz wurde 193 mal gespielt
  • Das Durchschnittsergebnis liegt bei 21 aus 50
Antwortstatistiken
Rang Nation Spiele Zeitraum Position Spieler % Korrekt
1 SUI 271 2014 - 2022 TW Yann Sommer
96%
30 FRA 89 2019 - 2022 ST Marcus Thuram
88%
13 FRA 129 2018 - 2022 ST Alassane Pléa
84%
3 SUI 206 2015 - 2022 V Nico Elvedi
82%
8 BRA 164 2013 - 2020 MF Raffael
80%
2 SWE 244 2011 - 2021 V Oscar Wendt
79%
12 BEL 147 2014 - 2019 MF Thorgan Hazard
79%
24 SUI 108 2012 - 2016 MF Granit Xhaka
71%
44 ALG 75 2019 - 2022 V Ramy Bensebaini
67%
33 SUI 88 2019 - 2022 ST Breel Embolo
62%
30 AUT 89 2019 - 2022 V Stefan Lainer
61%
10 VEN 155 2009 - 2014 MF Juan Arango
58%
9 NED 156 2007 - 2016 V Roel Brouwers
58%
48 DEN 66 2016 - 2018 V Jannik Vestergaard
56%
15 SUI 125 2017 - 2022 MF Denis Zakaria
55%
26 GUI 99 2014 - 2021 MF Ibrahima Traoré
55%
28 BRA 93 2009 - 2012 V Dante
54%
4 BEL 183 2005 - 2015 V Filip Daems
53%
19 AUT 118 2011 - 2016 V Martin Stranzl
52%
45 PAR 72 2009 - 20122017 - 2018 ST Raúl Bobadilla
52%
37 ESP 81 2012 - 2016 V Álvaro Dominguez
50%
25 USA 105 2014 - 2020 V Fabian Johnson
49%
11 NOR 152 2011 - 2016 V Håvard Nordtveit
47%
5 DEN 178 1972 - 1979 ST Allan Simonsen
44%
50 DEN 62 2015 - 2017 V Andreas Christensen
44%
40 NED 77 1999 - 2004 ST Arie van Lent
40%
15 SWE 125 1991 - 19961996 - 1997 ST Martin Dahlin
40%
39 USA 78 2005 - 2007 TW Kasey Keller
39%
46 SWE 69 2012 - 2016 ST Branimir Hrgota
38%
6 SWE 174 1993 - 1999 V Patrik Andersson
36%
42 USA 76 2008 - 2011 MF Michael Bradley
35%
22 LUX 113 2002 - 2006 V Jeff Strasser
33%
42 CZE 76 2003 - 2007 ST Václav Svěrkoš
29%
30 SUI 89 2001 - 2004 TW Jörg Stiel
28%
40 ALG 77 2008 - 2011 MF Karim Matmour
24%
33 SVK 86 2000 - 2005 MF Igor Demo
23%
36 TOG 86 1990 - 1995 ST Bachirou Salou
18%
23 DEN 109 1976 - 1981 MF Carsten Nielsen
18%
46 BEL 69 2002 - 2005 ST Joris Van Hout
18%
14 DEN 126 1992 - 19971999 - 2002 MF Peter Nielsen
18%
21 SWE 114 1995 - 1999 ST Jörgen Pettersson
16%
15 DEN 125 1972 - 1976 ST Henning Jensen
13%
33 BRA 88 1999 - 2005 V Marcelo Pletsch
13%
49 POR 64 2005 - 2008 V Zé António
13%
18 CZE 120 2001 - 2005 MF Ivo Ulich
12%
29 DEN 90 1969 - 1972 MF Ulrik le Fevre
11%
7 AUT 167 1983 - 1990 V Bernd Krauss
9%
27 CRO 97 1998 - 2004 V Slađan Ašanin
7%
37 CZE 81 1988 - 1991 V František Straka
5%
19 NOR 118 1982 - 1990 V Kai Erik Herlovsen
4%
Keine übereinstimmenden Quizze gefunden
Verteilung der Resultate
Anzahl Personen mit jedem Resultat
Perzentil nach korrekt beantworteten Fragen
Ihre Resultats-Entwicklung
Sie haben dieses Quiz noch nicht gespielt